| 000 | 00564nam a2200229Ia 4500 | ||
|---|---|---|---|
| 003 | OSt | ||
| 005 | 20221005121439.0 | ||
| 006 | a|||||r|||| 00| 0 | ||
| 007 | ta | ||
| 008 | 221004b |||||||| |||| 00| 0 kan d | ||
| 024 | _a60835 | ||
| 037 | _cTextual | ||
| 040 |
_aCRL _cCRL _bkan |
||
| 041 |
_2kan _akan |
||
| 082 | _aO33,3NKR,42, J7 | ||
| 100 |
_aKrishnarai Au. _9625264 |
||
| 245 | 0 | _aHengaralu | |
| 260 | _c1957 | ||
| 650 | _aKANNAD FICTION | ||
| 942 |
_hO33,3NKR,42, J7 _cTEXL _2cc |
||
| 999 |
_c1041178 _d1041178 |
||